000 00341nam a22001457a 4500
008 210322b ||||| |||| 00| 0 eng d
020 _a9780827355958
041 _aeng
080 _a336
082 _a336
100 _a56
101 _aFIN
245 _aFinancial Management in Health Care Organizations
_cMclean, R. A
942 _2udc
_cBK
999 _c56670
_d56670